000 00474nam a22001457a 4500
008 160923b xxu||||| |||| 00| 0 eng d
050 _aBD111 A6 1977
100 _aSeifert, Josef (ed.)
_926098
245 _aAletheia:
_ban international journal of philosophy
260 _aTexas
_bUniversity of Dallas Press
_c1977
300 _a230p.
440 _aAletheia: an international journal of philosophy
_nvol. 1
_926099
650 _aMetaphysics
_926100
942 _2lcc
_cMONOGRAPH
999 _c125323
_d125323